| 000 | 01882nam a2200289Ia 4500 | ||
|---|---|---|---|
| 005 | 20250329173539.0 | ||
| 008 | 201020s9999 xx 000 0 und d | ||
| 020 | _a9789503411353 | ||
| 040 |
_aCO-CtgCURN _bspa _ccoctgcurn |
||
| 082 |
_a361.3 _bE59m |
||
| 245 | 0 |
_aLo metodológico en Trabajo Social : _bdesafíos frente a la simplificación e instrumentalización de lo social _h[electronic resource] / _ccoordinadoras, María Pilar Fuentes; Verónica Cruz |
|
| 260 |
_aArgentina : _bUniversidad Nacional de La Plata, _c2014 |
||
| 300 | _arecurso en línea (127 páginas) : | ||
| 336 |
_atexto _btxt |
||
| 337 |
_acomputador _bc |
||
| 338 |
_arecurso en línea _bcr |
||
| 490 | _aColección Cátedra | ||
| 504 | _aIncluye referencias bibliográficas | ||
| 505 | _aTendencias teórico-metodológicas en Trabajo Social: la tensión entre teoricismo y pragmatismo -- Debates en torno a la investigación en Trabajo Social. La actitud investigativa como aporte profesional. -- Lo interdisciplinar. Discusiones e implicancias de un imperativo de época para el Trabajo Social -- Incumbencias y rol profesional: dos nociones a problematizar en Trabajo Social. -- Los Trabajadores Sociales: ni revolucionarios ni constructores de otredades -- Contribuciones del pensamiento estratégico al Trabajo Social -- Aproximaciones a una problematización sobre los instrumentos metodológicos del trabajo social en el marco de las prácticas de formación profesional. | ||
| 590 | _aPrograma de Trabajo Social_26 | ||
| 650 | _aTrabajo social | ||
| 700 |
_aCruz, Verónica _ecompiladora |
||
| 700 |
_aFuentes, María Pilar _ecompiladora |
||
| 856 |
_uhttps://unicurn.sharepoint.com/:b:/s/biblioteca/EXtCQcoBgthAu5Jpj6aeAmsBeDJ9wp0I8BVOdJQuIgX6-Q?e=q5NUX8 _zVea este libro electrónico |
||
| 942 |
_cCF _h361.3 _iE59m |
||
| 999 |
_c7916 _d7916 |
||